000 00485nam a2200157 i 4500
001 61022
003 ES-MaACL
005 20230906164342.0
007 t|
008 031110s1984 sp ||||1| spa d
245 0 0 _aEstudios de iconografía medieval española /
_cedición a cargo de Joaquín Yarza Luaces.
260 _aBarcelona :
_bUniversidad Autónoma,
_c1984.
300 _a482 p. ;
_c23 cm.
700 1 _aYarza Luaces, Joaquín.
_9117586
852 _aES-MaACL
_jL-7417
_bR.108125
999 _c61022
_d61022